| 000 | 00904nmm a2200265 a 4500 | ||
|---|---|---|---|
| 001 | ocm0001221672 | ||
| 003 | TR-IsHL | ||
| 005 | 20201028154751.0 | ||
| 008 | 131219s2010 tu tur | ||
| 007 | cr cn | ||
| 020 | _a9789754838541 | ||
| 035 |
_a1221672 _b(N$T) |
||
| 050 | 0 | 4 |
_aHD9855 _b.U53 2010 |
| 090 | 0 | 4 |
_aHD9855 _b.U53 2010 |
| 100 | 1 | _aÜnal, Zümrüt Bahadır | |
| 245 | 1 | 0 |
_aKonfeksiyon üretimine giriş _h[electronic resource] / _cZümrüt Bahadır Ünal |
| 260 |
_aİzmir : _bEge Üniversitesi Yayınları, _c2010 |
||
| 300 | _a87 p. | ||
| 650 | 4 | _aEkonomi ve Finans | |
| 650 | 4 | _aEconomics and Finance | |
| 650 | 0 |
_aKonfeksiyon _x üretim |
|
| 650 | 0 |
_aConfection _x production |
|
| 650 | 7 |
_aBUSINESS & ECONOMICS / Industries / Fashion & Textile Industry _2bisacsh |
|
| 856 | 4 | 0 | _uhttp://search.ebscohost.com/login.aspx?direct=true&scope=site&db=e011xww&AN=1221672 |
| 999 |
_c12744 _d12744 |
||